00273nam a2200109Ia 4500008004100000041000800041082001500049100001800064245002200082260004000104300001900144241015s9999 xx 000 0 und d aeng a302.35 NEL aNelson/ Quick aOrgb With Mindtap bCengage Learning IndiaaDehlic2022 a378;. P. 28 cm